| 000 | 00462nam a2200193Ia 4500 | ||
|---|---|---|---|
| 008 | 210210b xxu||||| |||| 00| 0 eng d | ||
| 082 | _a544/99 | ||
| 100 | _aLAKSHIMINARASIMHAN (S) | ||
| 245 | _aSubsidiary chemistry Vol I | ||
| 260 |
_aMadras _bS Vishwanathan Pvt Ltd _c |
||
| 300 | _a200 | ||
| 650 | _aVol | ||
| 650 | _aSubsidiary | ||
| 650 | _aI | ||
| 650 | _achemistry | ||
| 690 | _aInorganic Chemistry | ||
| 700 | _aSUBRAHMANYAM (K) | ||
| 906 | _a009755 | ||
| 999 |
_c127130 _d127130 |
||